Nuôi cá rô đồng sinh sản nhân tạo
Trình bày Tập tính cá rô đồng, Phương pháp nuôi, Sự sinh trưởng, Thức ăn, cách nuôi cá rô đồng...
Đã lưu trong:
| 主要作者: | |
|---|---|
| 其他作者: | |
| 語言: | Undetermined |
| 出版: |
Hải Phòng
Nxb. Hải Phòng
2011
|
| 主題: | |
| 標簽: |
添加標簽
沒有標簽, 成為第一個標記此記錄!
|
| Thư viện lưu trữ: | Trung tâm Học liệu Trường Đại học Trà Vinh |
|---|
| LEADER | 00835nam a2200253Ia 4500 | ||
|---|---|---|---|
| 001 | TVU_9421 | ||
| 008 | 210423s9999 xx 000 0 und d | ||
| 041 | |a Vie | ||
| 082 | |a 639.311 | ||
| 082 | |b Ch561 | ||
| 100 | |a Việt Chương | ||
| 245 | 0 | |a Nuôi cá rô đồng sinh sản nhân tạo | |
| 245 | 0 | |c Việt Chương, Tám Phới, Năm Quan | |
| 260 | |a Hải Phòng | ||
| 260 | |b Nxb. Hải Phòng | ||
| 260 | |c 2011 | ||
| 300 | |a 102 tr. | ||
| 300 | |b Minh họa | ||
| 300 | |c 19 cm | ||
| 520 | |a Trình bày Tập tính cá rô đồng, Phương pháp nuôi, Sự sinh trưởng, Thức ăn, cách nuôi cá rô đồng... | ||
| 650 | |a Nuôi trồng thuỷ sản | ||
| 653 | |a Kĩ thuật w1w Cá rô đồng | ||
| 700 | |a Việt Chương; Tám Phới; Năm Quan | ||
| 980 | |a Trung tâm Học liệu Trường Đại học Trà Vinh | ||